|
|
|
|
| LEADER |
00000nab a2200000 a 4500 |
| 001 |
vtls000659129 |
| 003 |
SK-MaSNL |
| 005 |
20260304090452.0 |
| 008 |
250425c1998 xo 0 slo |
| 015 |
|
|
|a SNBRB1998/05-12032
|
| 035 |
|
|
|a CLN000011321
|
| 035 |
|
|
|a urn:nbn:sk:snk-ab9zd7
|
| 035 |
|
|
|a (urnnbn)urn:nbn:sk:snk:ar-a0963j
|
| 035 |
|
|
|a (uuid)55129e0c-4715-4dfb-8331-57e97e727ef9
|
| 040 |
|
|
|a SNKBUCL
|b slo
|c SNKBUCL
|e AACR2
|
| 041 |
0 |
|
|a slo
|
| 044 |
|
|
|a xo
|c SK
|
| 080 |
|
|
|a 796.073.015
|2 1997
|
| 100 |
1 |
|
|a Kárászová, Natália Andrea
|4 aut
|9 920592
|
| 245 |
1 |
0 |
|a Športový divák v kontexte sociológie športu
|b športový divák - športový výkon
|c Natália Andrea Kárászová
|
| 504 |
|
|
|a Bibliogr. odkazy
|
| 650 |
0 |
7 |
|a divák športový
|x sociológia športu
|2 snkbucl
|9 1381560
|
| 650 |
0 |
7 |
|a sociológia športu
|2 snkbucl
|9 1017
|
| 655 |
|
7 |
|a články z novín a časopisov
|2 snkbucl
|9 267496
|
| 773 |
0 |
|
|t Telesná výchova a šport
|g Roč. 8, č. 1 (1998), s. 30-32
|x 1335-2245
|
| 850 |
|
|
|a Slovenská národná knižnica
|
| 852 |
|
|
|a Slovenská národná knižnica
|
| 954 |
|
|
|a odborná, vedecká literatúra pôvodná (slovenská)
|2 lita
|
| 958 |
|
|
|a article13
|
| 958 |
|
|
|a OND
|
| 958 |
|
|
|a EUIPO
|
| 992 |
|
|
|a RBX
|
| 999 |
|
|
|c 2811563
|d 2813493
|